000 00526nam a2200169Ia 4500
003 LK-CoDNM
008 010623t2011 xxu||||| |||| 00| 1 sin d
040 _aLK-CoDNM
_dLK-CoDNM
_eLK-CoDNM
041 _asin
080 _a294.3 GAN
100 _aGanananda himi,Kiribathgoda
245 _aරහතන් වහන්සේ මරණින් මතු ඇත ... නැත ...?
246 _aRahatan Wahanse Maranin Matu Etha ... Natha ....?
260 _bMahamega
_aPolgahwela
_c2011
300 _b72, 21 cm
942 _cBK
999 _c131549
_d131549